Sports Quiz

Random Sports or WWE Quiz
Score 0/26 Timer 08:00
1 Play Today
Hint Answer % Correct
Faction of the Original NXT RookiesNexus
87.7%
Was Pinned by Becky Lynch at Wrestlemania 35Ronda Rousey
87.7%
Defeated and Lost to Bret Hart in the Main Event of WrestlemaniaYokozuna
87.7%
WCW's October PPVHalloween Havoc
84.9%
Hometown of Chris Jericho and Kenny OmegaWinnipeg
84.9%
After 1-2-3 Kid there was Syxx. After Syxx there was...X-Pac
84.9%
Defeated Bret Hart in the Opening Match of Wrestlemania XOwen Hart
83.6%
AEW's Wrestling DentistBritt Baker
80.8%
The All American-AmericanJack Swagger
80.8%
Manager of the Road WarriorsPaul Ellering
80.8%
WCW Summertime PPV that Turned into a WWE PPV in July 2004The Great American Bash
78.1%
Stable Consisting of Christian, Lance Storm, Test and William RegalThe Un-Americans
78.1%
Manager of Jack Swagger and then Alberto Del RioZeb Colter
76.7%
Hint Answer % Correct
Rey Mysterio Jr.'s Halloween Havoc 1997 OpponentEddie Guerrero
72.6%
WWF's Wrestling DentistIsaac Yankem
72.6%
Move Made Famous by Scott SteinerFrankensteiner
68.5%
Won His First WWF Championship at Survivor Series 1996Sycho Sid
68.5%
One Half of the Summerslam 1996 Main EventVader
67.1%
Formed the Thrillseekers with Chris Jericho in Smokey MountainLance Storm
64.4%
Winner of the 2004 Raw Diva SearchChristy Hemme
63%
Formerly known as Johnny B. BaddMarc Mero
60.3%
One Half of the Brain Busters Tag TeamTully Blanchard
54.8%
Marcus Bagwell and Scotty RiggsAmerican Males
53.4%
Winner of the $1,000,000 Tough EnoughDaniel Puder
47.9%
The Notorious K-I-DKid Kash
46.6%
NWA Powerrr Masked WrestlerQuestion Mark
38.4%
Remove Ads.
Support Sporcle.
Get the best of Sporcle when you Go Orange. This ad-free experience offers more features, more stats, and more fun while also helping to support Sporcle. Thank you for becoming a member.

You're not logged in!

Compare scores with friends on all Sporcle quizzes.
OR
Log In

Sporcle TV

Today on Sporcle TV


Watch our educational content, quiz creation guides, and fun videos on Sporcle TV.

Show Comments

Extras

Top Quizzes Today


Score Distribution

Paid Content

Your Account Isn't Verified!

In order to create a playlist on Sporcle, you need to verify the email address you used during registration. Go to your Sporcle Settings to finish the process.

Report this User

Report this user for behavior that violates our Community Guidelines.

Details: